|
|
|
|
| LEADER |
00000cam a22000004a 4500 |
| 001 |
musev2_72220 |
| 003 |
MdBmJHUP |
| 005 |
20230905051433.0 |
| 006 |
m o d |
| 007 |
cr||||||||nn|n |
| 008 |
810611s1967 txu o 00 0 eng d |
| 010 |
|
|
|z 48018054
|
| 020 |
|
|
|a 9780870740114
|
| 035 |
|
|
|a (OCoLC)821813043
|
| 040 |
|
|
|a MdBmJHUP
|c MdBmJHUP
|
| 100 |
1 |
|
|a Boatright, Mody C.,
|e editor
|4 edt
|
| 245 |
1 |
0 |
|a Backwoods to Border
|
| 250 |
|
|
|a Reprint.
|
| 264 |
|
1 |
|a College Station :
|b Texas A & M University Press [distributor]
|c 1967
|
| 264 |
|
3 |
|a Baltimore, Md. :
|b Project MUSE,
|c 2019
|
| 264 |
|
4 |
|c ©1967
|
| 300 |
|
|
|a 1 online resource.
|
| 336 |
|
|
|a text
|b txt
|2 rdacontent
|
| 337 |
|
|
|a computer
|b c
|2 rdamedia
|
| 338 |
|
|
|a online resource
|b cr
|2 rdacarrier
|
| 490 |
0 |
|
|a Texas Folklore Society Publications
|v No. 18
|
| 506 |
0 |
|
|a Open Access
|f Unrestricted online access
|2 star
|
| 588 |
|
|
|a Description based on print version record.
|
| 650 |
|
4 |
|a Frontier and Pioneer Life
|z West (U.S.)
|
| 650 |
|
4 |
|a Folk Songs, American.
|
| 650 |
|
4 |
|a Folklore
|z United States.
|
| 655 |
|
0 |
|a Electronic book.
|
| 655 |
|
7 |
|a Electronic books.
|2 local
|
| 700 |
1 |
|
|a Day, Donald,
|d 1899-1991,
|e editor.
|4 edt
|
| 710 |
2 |
|
|a Project Muse.
|e distributor
|
| 830 |
|
0 |
|a Book collections on Project MUSE.
|
| 856 |
4 |
0 |
|z Texto completo
|u https://projectmuse.uam.elogim.com/book/72220/
|